header

"Paranoia of the millionaire" (Record no. 58465)

MARC details
000 -LEADER
fixed length control field 01827nam a2200373 a 4500
082 04 - DEWEY DECIMAL CLASSIFICATION NUMBER
Classification number 345.747/02523
100 1# - MAIN ENTRY--AUTHOR NAME
Personal name Pinta, Emil R.
245 10 - TITLE STATEMENT
Title "Paranoia of the millionaire"
260 ## - PUBLICATION, DISTRIBUTION, ETC. (IMPRINT)
Place of publication New York :
Name of publisher Nova Science Publishers,
Year of publication c2010.
300 ## - PHYSICAL DESCRIPTION
Number of Pages ix, 77 p.
490 1# - SERIES STATEMENT
Series statement Psychiatry- theory, applications and treatments
505 0# - FORMATTED CONTENTS NOTE
Formatted contents note Shooting of Stanford White -- Trial strategies and experts -- Thaw's first trial -- Aftermath -- Thaw's second trial -- "Paranoia of the millionaire" -- Thaw's ongoing legal battles -- Evolving concepts of "brain-storm" and temporary insanity -- Follow-up.
650 #0 - SUBJECT ADDED ENTRY--TOPICAL TERM
Topical Term Trials (Murder)
Topical Term Insanity defense
856 40 - ELECTRONIC LOCATION AND ACCESS
Uniform Resource Identifier http://site.ebrary.com/lib/rucke/Doc?id=10676728

No items available.

© 2026 Rongo University
Contact us: librarian | system librarian | Rongo university